| 000 | 01031pam a2200277 a 4500 | ||
|---|---|---|---|
| 001 | 934673 | ||
| 003 | OSt | ||
| 005 | 20240624094929.0 | ||
| 008 | 831026s1985 enka b 001 0 eng | ||
| 010 | _a 83023205 | ||
| 020 | _a0521257700 | ||
| 020 | _a0521277035 | ||
| 040 |
_aMUST _cMUST |
||
| 082 | 0 | 0 |
_a530.11 _220 |
| 100 | 1 |
_aSchutz, Bernard F. _917609 |
|
| 245 | 1 | 2 |
_aA first course in general relativity / _cBernard F. Schutz. |
| 260 |
_aCambridge [Cambridgeshire] ; _aNew York : _bCambridge University Press, _c1985. |
||
| 300 |
_axiv, 376 p. : _bill. ; _c22.4 cm. |
||
| 504 | _a Includes Bibliographical index. | ||
| 650 | 0 |
_aGeneral relativity (Physics) _97986 |
|
| 650 | 0 |
_aAstrophysics. _97955 |
|
| 856 | 4 | 2 |
_3Publisher description _uhttp://www.loc.gov/catdir/description/cam022/83023205.html |
| 856 | 4 | 1 |
_3Table of contents _uhttp://www.loc.gov/catdir/toc/cam028/83023205.html |
| 856 | 4 | 2 |
_3Contributor biographical information _uhttp://www.loc.gov/catdir/enhancements/fy0729/83023205-b.html |
| 942 |
_2ddc _cO_SHELF |
||
| 999 |
_c8711 _d8711 |
||